[Event "CHN-chT"]
[Site "China"]
[Date "2017.11.04"]
[Round "18.2"]
[White "Wei, Yi"]
[Black "Zhao, Jun"]
[Result "1-0"]
[WhiteElo "2727"]
[BlackElo "2616"]
[PlyCount "81"]
[EventDate "2017.04.18"]
[EventType "team-tourn"]
[EventRounds "22"]
[EventCountry "CHN"]
[SourceTitle "EXT 2019"]
[Source "ChessBase"]
[SourceDate "2018.10.10"]
[SourceVersion "1"]
[SourceVersionDate "2018.10.10"]
[SourceQuality "1"]
[WhiteTeam "Jiangsu"]
[BlackTeam "Shandong"]
[WhiteTeamCountry "CHN"]
[BlackTeamCountry "CHN"]

1. d4 {ChessBase II RR} Nf6 2. c4 e6 3. g3 d5 4. Bg2 Bb4+ 5. Nc3 O-O 6. a3 ({RR} 6. Nf3 dxc4 7. O-O Nc6 8. a3 Be7 9. e4 Na5 10. Be3 Nb3 11. Rb1 c5 12. dxc5 Bxc5 13. Bxc5 Nxc5 14. Qe2 b6 15. Rfd1 Qe8 16. Qxc4 Ba6 17. Qd4 Rd8 18. Qe3 Rxd1+ 19. Rxd1 Na4 20. e5 Nxc3) 6... Bxc3+ 7. bxc3 c6 ({RR} 7... dxc4 8. a4 ({RR} 8. Nf3 c5 9. O-O cxd4 10. Qxd4 Nc6 11. Qxc4 e5 12. Bg5 h6 13. Rfd1 Be6 14. Rxd8 Bxc4 15. Rxa8 Rxa8 16. Bxf6 gxf6 17. Kf1 Rd8 18. Ke1 Na5 19. Rd1 Rc8 20. Nd2 Be6 21. c4 Bxc4 22. Nxc4 Rxc4) ({RR} 8. Qa4 Bd7 9. Qxc4 Bc6 10. f3 Qd7 11. e4 Bb5 12. Qa2 Qc6 13. a4 Bc4 14. Qd2 Qa6 15. Ne2 c5 16. Ba3 Nbd7 17. Kf2 Rfd8 18. Qe3 Rac8 19. Rhe1 b6 20. Kg1 Qa5 21. Bb2 Nb8 22. g4 Nc6) 8... c5 9. Ba3 ({RR} 9. a5 Na6 10. Nf3 Nd5 11. Bb2 Bd7 12. e4 Ne7 13. O-O Rc8 14. Ne5 Bb5 15. d5 Qd6 16. Ng4 exd5 17. exd5 Rcd8 18. Ne3 Nc7 19. Qh5 Ncxd5 20. Rfd1 Bc6 21. Nxc4 Qc7 22. Nd2 b6 23. c4 Nb4) 9... Qa5 10. Qc2 Rd8 11. Bxc5 Na6 12. Be7 Rxd4 13. Nf3 Rd7 14. Bxf6 gxf6 15. Nd2 Qc7 16. a5 Rb8 17. O-O b5 18. axb6 axb6 19. Ne4 Kg7 20. g4 Nc5 21. Ng3 Qe5 22. Rad1 {Erigaisi,A (2782)-Gukesh,D (2787) Stavanger NOR 2025 [RR] 1-0 (62)}) ({RR} 7... b6 8. Nh3 Ba6 9. cxd5 exd5 10. O-O Re8 11. Re1 Ne4 12. Qb3 Bc4 13. Qc2 c5 14. f3 Nf6 15. e4 Nc6 16. Bb2 cxd4 17. cxd4 b5 18. e5 Nd7 19. f4 Qb6 20. Qd2 Nf8 21. Kh1 Ne6 22. Rad1 {Rozen,E (2504)-Vagman,R (2254) Eilat ISR 2025 1-0 (35)}) ({RR} 7... dxc4 8. Qa4 Bd7 9. Qxc4 Bc6 10. f3 Qd5 11. Qxd5 exd5 12. Bf4 Nbd7 13. Bxc7 Rfe8 14. Bh3 Nb6 15. Bxb6 axb6 16. Bf5 Ra5 17. Kd2 Rea8 18. Nh3 Ne8 19. Bd3 Nd6 20. Rhb1 b5 21. Rb3 Nc4+ 22. Kc1) 8. Nf3 b6 9. Bg5 ({RR} 9. cxd5 cxd5 10. c4 dxc4 11. Ne5 Nd5 12. Nxc4 Nd7 13. Ne3 Bb7 14. Nxd5 Bxd5 15. Bxd5 exd5 16. Qb3 Nb8 17. Bd2 Nc6 18. e3 Qd7 19. O-O Nd8 20. a4 Ne6 21. Rab1 Ng5 22. f3 h6 23. h4 Nh7) 9... Nbd7 $146 ({RR} 9... h6 10. Bxf6 Qxf6 11. Ne5 Bb7 12. Qa4 Qe7 13. O-O Rc8 14. f4 f6 15. Ng6 Qf7 16. f5 exf5 17. Nh4 g6 18. Bh3 Nd7 19. cxd5 cxd5 20. Bxf5 gxf5 21. Nxf5 Qe6 22. Rf3 Re8 23. Raf1 Nf8 24. Nxh6+ {Sadorra,J (2596)-Nguyen,V (2413) Tagaytay City 2017 ½-½ (61)}) ({RR} 9... Ba6 10. Bxf6 Qxf6 11. Ne5 Bxc4 12. Nxc4 dxc4 13. O-O e5 14. dxe5 Qxe5 15. Qd4 Qe6 16. Rad1 Na6 17. Qd6 Rae8 18. Rfe1 Nb8 19. Qf4 b5 20. a4 Qe5 21. Qxe5 Rxe5 22. Rd6 Re6 23. Rxe6 fxe6 24. Ra1 {Gozzoli,Y (2573)-Fressinet,L (2677) Agen 2016 CBM 174 [ChessBase II] ½-½ (72)}) 10. Ne5 Qc7 11. Nxd7 Nxd7 12. Bf4 Qd8 13. cxd5 cxd5 14. c4 Bb7 15. cxd5 Bxd5 16. e4 Bb7 17. O-O Nf6 18. Re1 Qd7 19. g4 Rfd8 20. g5 Ne8 21. Be5 Nd6 22. Qg4 Kh8 23. Re3 Nc4 24. Rh3 Nxe5 25. Qh5 h6 26. dxe5 Qe7 27. Qh4 Rd7 28. Qf4 Rad8 29. Bf3 Rd3 30. Rc1 R8d7 31. gxh6 g6 32. Rg3 Kh7 33. h4 Qf8 34. Kg2 Qxh6 35. Rg5 Kg7 36. h5 Rxf3 37. Kxf3 Rd3+ 38. Ke2 Ba6 39. Ke1 Rf3 40. Qxf3 Qxg5 41. Qf6+ 1-0

[Event "Moscow Aeroflot op-A 18th"]
[Site "Moscow"]
[Date "2019.02.27"]
[Round "9"]
[White "Wei, Yi"]
[Black "Yuffa, Daniil"]
[Result "1-0"]
[WhiteElo "2733"]
[BlackElo "2578"]
[PlyCount "75"]
[EventDate "2019.02.20"]
[EventType "swiss"]
[EventRounds "9"]
[EventCountry "RUS"]
[SourceTitle "CBM 189"]
[Source "ChessBase"]
[SourceDate "2019.04.29"]
[SourceVersion "1"]
[SourceVersionDate "2019.04.29"]
[SourceQuality "1"]

1. d4 Nf6 2. c4 e6 3. Nc3 Bb4 4. f3 d5 5. a3 Be7 6. e4 dxe4 7. fxe4 e5 8. d5 O-O 9. Nf3 ({RR} 9. Bd3 Ng4 10. Nf3 Bc5 11. Qc2 a5 12. h3 Nf2 13. Rf1 Nxd3+ 14. Qxd3 Qe7 15. g4 Na6 16. Bd2 Bd7 17. Nb5 c6 18. Nc3 Bd4 19. Qc2 Nc5 20. O-O-O Rfc8 21. Be1 b5 22. Bh4 Qe8 23. Nxd4 exd4 {Li,C (2656)-Bu,X (2662) Danzhou 2011 0-1 (81)}) 9... Nbd7 10. Bd3 Nc5 $146 ({RR} 10... Bc5 11. b4 Bd4 12. Nxd4 exd4 13. Ne2 Re8 14. O-O Nxe4 15. Nxd4 Ndf6 16. Bb2 Bg4 17. Qc2 Qd6 18. Rae1 Ng5 19. Qf2 Bd7 20. Nf5 Bxf5 21. Qxf5 Rxe1 22. Rxe1 h6 23. Bxf6 Qxf6 24. Qxf6 gxf6 25. Re7 {Aditya,M (2438)-Rottenwohrer Suarez,J (2197) Chess.com INT 2020 1-0}) ({RR} 10... c6 11. O-O cxd5 12. cxd5 a6 13. Kh1 b5 14. Qe1 Re8 15. Be3 Ng4 16. Bd2 Rb8 17. b4 Bb7 18. Rd1 Rc8 19. Qg3 Ngf6 20. Qh3 Bf8 21. Ne2 Bxd5 22. exd5 e4 23. Bb1 exf3 24. Qxf3 Ne5 25. Qh3 {Knaak,R (2472)-Noy,E (2346) Orosei ITA 2025 1-0 (77)}) ({RR} 10... Bc5 11. b4 Bd4 12. Nxd4 exd4 13. Ne2 Re8 14. O-O Nxe4 15. Nxd4 Ndf6 16. Bb2 Bg4 17. Qc2 Qd6 18. Rae1 Ng5 19. Qf2 Bd7 20. Nf5 Bxf5 21. Qxf5 Rxe1 22. Rxe1 h6 23. Bxf6 Qxf6 24. Qxf6 gxf6 25. Re7 {Aditya,M (2438)-Rottenwohrer Suarez,J (2197) Chess.com INT 2020 1-0}) 11. Bc2 a5 12. O-O Bg4 13. Be3 Bh5 14. h3 Ra6 15. b3 Bg6 16. Nxe5 Bxe4 17. Nxe4 Ncxe4 18. Qf3 Nc5 19. Bd4 Ncd7 20. Nxd7 Nxd7 21. b4 axb4 22. axb4 Bf6 23. Rxa6 Bxd4+ 24. Kh1 bxa6 25. Qe4 Re8 26. Qxh7+ Kf8 27. Qh8+ Ke7 28. Qh4+ Bf6 29. Re1+ Kd6 30. c5+ Nxc5 31. Qf4+ Kd7 32. Bf5+ Ne6 33. dxe6+ Ke7 34. Qg4 Kf8 35. Rd1 Qb8 36. exf7 Re5 37. Bg6 Rg5 38. Re1 1-0

[Event "45th Olympiad 2024"]
[Site "Budapest HUN"]
[Date "2024.09.21"]
[Round "10.3"]
[White "Wei, Yi"]
[Black "Yakubboev, Nodirbek"]
[Result "1-0"]
[WhiteElo "2762"]
[BlackElo "2666"]
[PlyCount "119"]
[EventDate "2024.09.11"]
[WhiteTeam "China"]
[BlackTeam "Uzbekistan"]
[WhiteTeamCountry "CHN"]
[BlackTeamCountry "UZB"]

1. d4 Nf6 2. c4 e6 3. Nc3 Bb4 4. e3 O-O 5. Nge2 Re8 6. a3 Bf8 7. e4 d5 8. e5 Nfd7 9. h4 c5 10. Bg5 f6 11. exf6 gxf6 12. Bd2 Nc6 13. dxc5 Nxc5 14. Be3 dxc4 15. Nf4 Ne5 $146 ({RR} 15... Qxd1+ 16. Rxd1 Ne5 17. Bd4 Rd8 18. Rh3 Ned3+ 19. Nxd3 Rxd4 20. Nxc5 Rxd1+ 21. Kxd1 Bxc5 22. Bxc4 Bxf2 23. Ne4 Bd4 24. Rd3 Be5 25. Rd8+ Kf7 26. b4 Bc7 27. Rh8 Kg7 28. Re8 Kf7 29. Rh8 Kg7 30. Re8 {½-½ Sriram,J (2361)-Fischer,D (2351) Braunschweig 2022 (4)}) 16. Rh3 b6 $146 ({RR} 16... Qxd1+ 17. Rxd1 Ncd3+ 18. Nxd3 Nxd3+ 19. Bxd3 cxd3 20. Nb5 Re7 21. Rg3+ Kh8 22. Bc5 Rf7 23. Bxf8 Rxf8 24. Rdxd3 b6 25. Rc3 e5 26. Nd6 Be6 27. Rc7 Rg8 28. Re7 Rxg3 29. fxg3 Bd5 30. Ne8 Bf7 31. Nxf6 {Kiolbasa,O (2351)-Siekanska,M (2149) Walbrzych POL 2024 1-0 (46)}) 17. Rg3+ Kh8 18. Qh5 Ba6 19. Rd1 Qc7 20. b4 Ncd3+ 21. Bxd3 cxd3 22. Ne4 Bg7 23. Kf1 Qd7 24. Kg1 Rad8 25. Bc1 Qd4 26. Rxg7 Kxg7 27. Nxf6 Kxf6 28. Qxh7 Nf3+ 29. gxf3 Rg8+ 30. Kh1 e5 31. Qh6+ Ke7 32. Qe6+ Kf8 33. Re1 Bb7 34. Qf6+ Ke8 35. Rxe5+ Kd7 36. Qf5+ Kd6 37. Qf6+ Kd7 38. Rd5+ Qxd5 39. Nxd5 Bxd5 40. Qf5+ Kc6 41. Qxd3 Rgf8 42. Kh2 Rxf3 43. b5+ Kb7 44. Qd4 Rd7 45. Be3 Be6 46. Qe5 Bd5 47. h5 Rf8 48. h6 Bf3 49. Kg3 Ka8 50. Bg5 Bb7 51. f4 Rdf7 52. Kh4 a5 53. Kh5 Bc8 54. Qd6 Ka7 55. Bd8 Rf5+ 56. Kg6 R5f7 57. Qxb6+ Ka8 58. Bc7 Bf5+ 59. Kh5 Rf6 60. Bd6 1-0

[Event "Asian-chT Prel2"]
[Site "Hangzhou"]
[Date "2022.04.17"]
[Round "4"]
[White "Wei, Yi"]
[Black "Ma, Qun"]
[Result "1/2-1/2"]
[WhiteElo "2729"]
[BlackElo "2645"]
[PlyCount "111"]
[EventDate "2022.04.14"]
[EventType "tourn"]
[EventRounds "10"]
[EventCountry "CHN"]
[EventCategory "18"]
[SourceTitle "CBM 207 Extra"]
[Source "ChessBase"]
[SourceDate "2022.05.31"]
[SourceVersion "1"]
[SourceVersionDate "2022.05.31"]
[SourceQuality "1"]

1. d4 Nf6 2. c4 e6 3. Nc3 Bb4 4. Nf3 b6 5. e3 Ne4 6. Qc2 Bb7 7. Bd3 f5 8. Nd2 Bxc3 9. bxc3 Qh4 10. g3 Qh3 11. Bf1 Qh5 12. Bg2 Qg6 $146 ({RR} 12... O-O 13. Nxe4 Bxe4 14. Bxe4 fxe4 15. Qxe4 Nc6 16. O-O Qe2 17. d5 exd5 18. cxd5 Rae8 19. Qg2 Na5 20. f3 Qd3 21. e4 Nc4 22. Bg5 Qxc3 23. Rac1 Qd4+ 24. Kh1 b5 25. Rfd1 Qb6 26. Rd3 a5 27. Qe2 {Sahl,B (2343)-Carstensen,J (2372) Denmark 2012 1-0 (33)}) 13. Ba3 d6 14. Nxe4 fxe4 15. c5 dxc5 16. dxc5 Nd7 17. Qa4 e5 18. O-O Bc6 19. Qb3 Qf7 20. cxb6 axb6 21. c4 Qe6 22. Bb4 Kf7 23. a4 Ra7 24. a5 b5 25. f4 exf3 26. e4 Nf6 27. Qxf3 Rd8 28. Bc5 Ra6 29. g4 Kg8 30. g5 Bxe4 31. Qh3 Bxg2 32. Qxg2 Nh5 33. cxb5 Raa8 34. Rae1 Qc4 35. Rxe5 Re8 36. Qf3 h6 37. Rf5 g6 38. Rf8+ Rxf8 39. Bxf8 Rxa5 40. gxh6 Rxb5 41. Qf7+ Qxf7 42. Rxf7 Rf5 43. Rxf5 gxf5 44. Be7 Kh7 45. Bg5 Kg6 46. Kf2 Nf6 47. Bxf6 Kxf6 48. Ke3 c5 49. Kf4 c4 50. Ke3 Kg6 51. Kd4 Kxh6 52. Kxc4 Kg5 53. Kd3 Kg4 54. Ke3 Kh3 55. Kf4 Kxh2 56. Kxf5 1/2-1/2

[Event "Jerusalem FIDE GP"]
[Site "Jerusalem"]
[Date "2019.12.15"]
[Round "2.2"]
[White "Wei, Yi"]
[Black "Karjakin, Sergey"]
[Result "1/2-1/2"]
[WhiteElo "2725"]
[BlackElo "2754"]
[PlyCount "79"]
[EventDate "2019.12.11"]
[EventType "k.o."]
[EventRounds "4"]
[EventCountry "ISR"]
[SourceTitle "CBM 194"]
[Source "ChessBase"]
[SourceDate "2020.01.27"]
[SourceVersion "1"]
[SourceVersionDate "2020.01.27"]
[SourceQuality "1"]

1. d4 Nf6 2. c4 e6 3. Nc3 Bb4 4. Nf3 O-O 5. e3 d5 6. Bd2 b6 7. cxd5 exd5 8. Bd3 Bb7 9. Ne5 Bd6 10. O-O c5 11. Rc1 Nc6 12. Ng4 Nd7 $146 ({RR} 12... cxd4 13. exd4 Nxg4 14. Qxg4 Nb4 15. Bb1 Bc8 16. Qh5 g6 17. Qh6 Nc6 18. Nxd5 Nxd4 19. Rfe1 Nf5 20. Bxf5 Bxf5 21. Bc3 f6 22. Bxf6 Rxf6 23. Re8+ Rf8 24. Rxd8 Raxd8 25. Qh4 Be6 26. Ne7+ Kg7 27. Nc6 {Hoffmann,S (2176)-Lekic,D (2335) Basel SUI 2023 1-0}) ({RR} 12... Be7 13. Nxf6+ Bxf6 14. Qf3 cxd4 15. Nxd5 Bg5 16. Nf4 g6 17. exd4 Ne5 18. Qxb7 Bxf4 19. Bxf4 Nxd3 20. Bc7 Qc8 21. Qxc8 Raxc8 22. Rc3 Nxb2 23. Rfc1 f6 24. d5 Rf7 25. d6 Rd7 26. g3 Kf7 27. Rb3 {Smirnova,E (2154)-Voit,D (2341) Sochi RUS 2024 1-0 (61)}) 13. Nh6+ gxh6 14. Qg4+ Kh8 15. Qf5 Nf6 16. Nxd5 Nxd4 17. Qxf6+ Qxf6 18. Nxf6 Nf3+ 19. gxf3 Rg8+ 20. Ng4 Be5 21. Be2 Bxb2 22. Rxc5 bxc5 23. Rb1 Bg7 24. Rxb7 h5 25. Rxf7 hxg4 26. fxg4 Rgf8 27. Rxf8+ Rxf8 28. Kf1 Rb8 29. Bc4 Rb1+ 30. Ke2 Rh1 31. Bd5 Rxh2 32. g5 Rh5 33. e4 Bd4 34. Bf4 Kg7 35. e5 Kf8 36. Bf3 Rh4 37. Bg3 Rh3 38. Bg2 Rxg3 39. fxg3 Bxe5 40. Be4 1/2-1/2

[Event "Danzhou 10th"]
[Site "Danzhou"]
[Date "2019.07.03"]
[Round "4"]
[White "Wei, Yi"]
[Black "Inarkiev, Ernesto"]
[Result "1/2-1/2"]
[WhiteElo "2741"]
[BlackElo "2693"]
[PlyCount "69"]
[EventDate "2019.06.30"]
[EventType "tourn"]
[EventRounds "9"]
[EventCountry "CHN"]
[EventCategory "20"]
[SourceTitle "CBM 191"]
[Source "ChessBase"]
[SourceDate "2019.08.31"]
[SourceVersion "1"]
[SourceVersionDate "2019.08.31"]
[SourceQuality "1"]

1. d4 Nf6 2. c4 e6 3. Nc3 Bb4 4. Nf3 c5 5. g3 Nc6 6. Bg2 Ne4 7. Bd2 Bxc3 8. bxc3 O-O 9. O-O d6 ({RR} 9... Na5 10. Bf4 d5 11. cxd5 Nxc3 12. Qd3 cxd4 13. dxe6 Bxe6 14. Ng5 g6 15. Nxe6 fxe6 16. e3 Nc6 17. Rae1 Rc8 18. exd4 Nxd4 19. Kh1 Nde2 20. Qxd8 Rcxd8 21. Bh6 Rf7 22. Bh3 Nd4 23. a3 Nf5 24. Bf4 {Aronian,L (2750)-Anand,V (2792) Mainz 2007 ½-½ (33)}) ({RR} 9... b6 10. Ne5 Nxd2 11. Nxc6 dxc6 12. Qxd2 Qd6 13. Qf4 Qxf4 14. gxf4 Ba6 15. Bxc6 Rad8 16. dxc5 Rc8 17. Bb5 Bxb5 18. cxb5 Rxc5 19. a4 Rfc8 20. Ra3 Rd5 21. Rb1 g6 22. a5 Rcc5 23. axb6 axb6 24. Ra6 {Aronian,L (2775)-Duda,J (2750) chess24.com INT 2022 ½-½ (54)}) 10. Be3 ({RR} 10. Qc2 f5 11. Rfd1 Qe7 12. Be3 Na5 13. Qd3 cxd4 14. cxd4 b6 15. Nd2 Bb7 16. Nxe4 fxe4 17. Bxe4 Bxe4 18. Qxe4 Nxc4 19. d5 Nxe3 20. Qxe3 Rae8 21. Rac1 Qf6 22. Qd4 Qxd4 23. Rxd4 exd5 24. e3 Rc8 {Xiong,J (2679)-Wei,Y (2736) Chess.com INT 2019 ½-½ (42)}) 10... Qe7 11. Qd3 Nf6 $146 ({RR} 11... f5 12. Rad1 Nf6 13. dxc5 dxc5 14. Qd6 Qxd6 15. Rxd6 Ne4 16. Rd3 Na5 17. Ng5 Nxc4 18. Nxe4 fxe4 19. Bxe4 Nxe3 20. fxe3 Re8 21. Rd6 Rb8 22. g4 g5 23. h3 Kg7 24. Kh2 h6 25. Kg3 b5 26. Bc6 {Bukal,V (2407)-Horvath,G (2431) Austria 2006 1-0 (49)}) ({RR} 11... f5 12. Rfd1 e5 13. dxe5 dxe5 14. Nh4 Ng5 15. Bxg5 Qxg5 16. Qd5+ Kh8 17. Qxc5 Re8 18. Bxc6 bxc6 19. Nf3 {1-0 (19) Moiseenko,A (2618)-Arencibia Rodriguez,W (2522) Kapuskasing 2003}) 12. Nd2 e5 13. dxc5 dxc5 14. Bg5 h6 15. Bxf6 Qxf6 16. Qe3 Qe7 17. Nb3 Bg4 18. Nxc5 Na5 19. Nd3 Rfe8 20. Bd5 Rac8 21. Qe4 Be6 22. Rab1 b6 23. Rb4 Bxd5 24. cxd5 Rxc3 25. f4 exf4 26. Rxf4 Nb7 27. Qxe7 Rxe7 28. Rfe4 Kf8 29. Rec4 Rxc4 30. Rxc4 Rxe2 31. Rc8+ Re8 32. Rc7 Re7 33. Rc8+ Re8 34. Rc7 Re7 35. Rc8+ 1/2-1/2

[Event "Asia Chess Cup"]
[Site "Abu Dhabi"]
[Date "2016.04.04"]
[Round "8.2"]
[White "Wei, Yi"]
[Black "Batchuluun, Tsegmed"]
[Result "1-0"]
[WhiteElo "2714"]
[BlackElo "2460"]
[PlyCount "59"]
[EventDate "2016.03.28"]
[EventType "team-swiss"]
[EventRounds "9"]
[EventCountry "UAE"]
[SourceTitle "CBM 171 Extra"]
[Source "ChessBase"]
[SourceDate "2016.04.26"]
[SourceVersion "1"]
[SourceVersionDate "2016.04.26"]
[SourceQuality "1"]
[WhiteTeam "China"]
[BlackTeam "Mongolia"]
[WhiteTeamCountry "CHN"]
[BlackTeamCountry "MGL"]

1. c4 Nf6 2. Nc3 e6 3. d4 Bb4 4. Nf3 c5 5. g3 cxd4 6. Nxd4 Ne4 7. Bd2 Nxc3 8. Bxc3 Bxc3+ 9. bxc3 a6 10. Qa4 O-O 11. Bg2 Nc6 12. O-O Rb8 13. Rab1 Qc7 14. c5 Nxd4 $146 ({RR} 14... Qe5 15. Qc4 Rd8 16. Rfd1 d5 17. cxd6 Qxd6 18. Bxc6 bxc6 19. Qxc6 Rxb1 20. Rxb1 Qxc6 21. Nxc6 Re8 22. f3 g5 23. Kf2 Kg7 24. e4 e5 25. Rb8 Kf6 26. Nb4 Ke7 27. Nd5+ Kd6 28. Rb6+ {1-0 (28) Timoshenko,G (2572)-Neubauer,M (2457) Vienna 2008}) 15. Qxd4 Re8 16. Rb6 e5 17. Qd6 Qxd6 18. cxd6 e4 19. f4 f5 20. e3 h5 21. Rd1 Kf7 22. Rd5 g6 23. h4 Ra8 24. Ra5 Kf6 25. Bf1 Ra7 26. Bc4 Ra8 27. Kf2 Ra7 28. Ke2 Ra8 29. Kd2 Ra7 30. Kc2 1-0

[Event "Moscow Aeroflot op-A 15th"]
[Site "Moscow"]
[Date "2016.03.08"]
[Round "8"]
[White "Wei, Yi"]
[Black "Bachmann, Axel"]
[Result "1/2-1/2"]
[WhiteElo "2714"]
[BlackElo "2609"]
[PlyCount "37"]
[EventDate "2016.03.01"]
[EventType "swiss"]
[EventRounds "9"]
[EventCountry "RUS"]
[SourceTitle "CBM 171"]
[Source "ChessBase"]
[SourceDate "2016.03.14"]
[SourceVersion "2"]
[SourceVersionDate "2016.03.14"]
[SourceQuality "1"]

1. d4 {Psakhis,Lev} Nf6 2. c4 e6 3. Nc3 Bb4 4. Nf3 b6 5. e3 Bb7 6. Bd3 O-O 7. O-O d5 8. cxd5 exd5 9. Ne5 ({RR} 9. Qc2 c5 ({RR} 9... Nbd7 10. Ne5 Qe7 11. f4 c5 ({RR} 11... Bxc3))) 9... Nbd7 ({RR} 9... c5) 10. f4 ({RR} 10. Qa4 Bd6 11. Nxd7 Nxd7 12. b4 a6 13. Qb3 Qh4 14. g3 Qh5 15. Ne2 Nf6) 10... a6 ({RR} 10... Bxc3 11. bxc3 c5 12. Ba3 ({RR} 12. Qa4 Qc7 ({RR} 12... a6)) 12... Rc8 ({RR} 12... Re8) 13. Qe2 ({RR} 13. Qa4 Nxe5 14. fxe5 Bc6 15. Qd1 Ne4) 13... Ne4 14. Bxe4 ({RR} 14. c4 Ndf6) 14... dxe4 15. Rad1 Qe8 ({RR} 15... Nxe5 16. fxe5 ({RR} 16. dxe5 Qc7 17. Rd6 Rfd8 18. Rfd1) 16... Qc7) 16. Nxd7 ({RR} 16. dxc5 Nxe5 17. fxe5 ({RR} 17. cxb6 Nd3 18. Bxf8 Qxf8 19. bxa7 Qa3) 17... bxc5 18. Rb1 Ba8) ({RR} 16. Qg4 Nf6) 16... Qxd7 17. f5 ({RR} 17. dxc5 Qa4 18. Qb2 bxc5) 17... Qa4 18. f6 ({RR} 18. Qb2) 18... Ba6 ({RR} 18... Qxa3 19. Qg4 ({RR} 19. fxg7 Kxg7) 19... g6 20. Qg5 Kh8 21. Rf4 ({RR} 21. Qh6 Rg8 22. Rf4 g5) 21... Qxc3 22. Rh4 cxd4 23. Rh3 Qxe3+ 24. Rxe3 dxe3 25. Qxe3) 19. Qh5 ({RR} 19. Qg4 g6 20. Qg5 ({RR} 20. Rf4 h5) 20... Kh8) 19... Rc6 20. c4 ({RR} 20. fxg7 Kxg7 21. Bb2 Bxf1 22. Rxf1 Qc2 23. Qe5+ Kg8) ({RR} 20. Qg5 Rxf6 {RR} 21. Rxf6 Qxd1+) ({RR} 20. d5 Rd6 ({RR} 20... Rxf6 21. Rxf6 gxf6 22. Bb2 ({RR} 22. Re1 Qxa3) 22... Qc2) 21. c4 Bxc4 22. Bb2) 20... Qxa3 ({RR} 20... g6 21. Qg5 ({RR} 21. Qh6 Rxf6 22. Rxf6 Qxd1+ 23. Rf1 Qd3 24. Bb2 Qxc4 {RR} 25. Rf2 ({RR} 25. Rc1 Qxa2 26. Bc3 Qa3) 25... Qb4 26. g4 Qe1+ 27. Kg2 Be2 28. dxc5 Bf3+ 29. Kh3 f6) 21... Bxc4 ({RR} 21... Qxa3 22. Qh6 ({RR} 22. d5 Rd6 23. Qh6 Rxf6 24. Rxf6 Bxc4 25. d6 Qa4) 22... Rxf6 23. Rxf6 cxd4 24. Rxd4 Qxa2) 22. d5 ({RR} 22. Bb2 Bxf1 23. Rxf1) 22... Bxf1 23. Rxf1 Rxf6 24. Qxf6 Qxa3 25. d6 Qxe3+ 26. Kh1 Qd2) ({RR} 20... Bxc4 21. fxg7 Kxg7 22. d5 Rg6 ({RR} 22... Rh6 23. Bb2+ f6 24. Qg4+ Rg6 25. Qxe4 Re8 26. Qf4 Qc2 27. Bxf6+ Kg8 28. Qf2) 23. Bb2+ f6 24. Rf2 Rh6 25. Qg5+ Rg6 26. Qh5) 21. Qg5 Rxf6 22. Rxf6 Bxc4 ({RR} 22... cxd4 23. Rxd4 ({RR} 23. exd4 Bxc4) 23... Qxa2 24. Rf2 Qa1+ 25. Rf1 Qc3 26. Rd8 g6 ({RR} 26... Qa3 27. Rxf8+ Qxf8 28. Qd5) 27. Rxf8+ Kxf8) 23. dxc5 {½-½ (23) Piket,J (2640)-Illescas Cordoba,M (2635) Wijk aan Zee 1997 CBM 057 [Psakhis,Lev]} ({RR} 23. d5 Bxa2) {RR} 23... bxc5 ({RR} 23... Qxc5 24. Qxc5 bxc5 25. Rc6 Bxa2 26. Ra1) 24. Rc6 Qa4 25. Rd8 Qxc6 26. Qe7 h6 27. Qxf8+ Kh7) ({RR} 10... c5 11. Bd2 ({RR} 11. Qf3 cxd4 12. exd4 Ne4 13. Qh3 Ndf6 14. Ne2 Rc8) 11... Ne4 12. Nxe4 dxe4 13. Bc4 Bxd2 14. Qxd2 Nxe5 15. fxe5 Bd5 16. b3 cxd4 17. exd4 Rc8) ({RR} 10... Rc8 11. Bd2 Qe7 12. Qe1 Bxc3 13. Bxc3 Ne4 14. Bxe4 dxe4 15. Qg3 Nf6 16. a3 Nd5 17. Rac1 f6 18. Ng4 Kh8 19. Rfe1 Rfd8 20. h4 c5 21. dxc5 Nxc3 22. Rxc3 Rxc5 23. Rxc5 Qxc5 24. Qf2 h5 25. Nh2 {Steiner,D (1879)-Peng,X (2229) Neuwied GER 2025 0-1 (96)}) 11. Rf3 Re8 $146 ({RR} 11... Ne4 12. Rh3 Nxe5 13. Bxe4 dxe4 14. Qh5 h6 15. fxe5 {½-½ (15) Szabo,L-Filip,M Gothenburg 1955}) 12. Rh3 Nf8 13. Bd2 Bd6 14. Be1 Bc8 15. Rf3 Ng6 16. Nc6 Qd7 17. Ne5 Qd8 18. Nc6 Qd7 19. Ne5 1/2-1/2

[Event "FTX Road to Miami KO"]
[Site "chess24.com INT"]
[Date "2022.07.17"]
[Round "3.21"]
[White "Wei, Yi"]
[Black "Aronian, Levon"]
[Result "0-1"]
[WhiteElo "2727"]
[BlackElo "2775"]
[PlyCount "122"]
[EventDate "2022.07.14"]
[EventType "k.o."]
[EventRounds "3"]
[EventCountry "USA"]
[SourceTitle "CBM 209 Extra"]
[Source "ChessBase"]
[SourceDate "2022.09.30"]
[SourceVersion "1"]
[SourceVersionDate "2022.09.30"]
[SourceQuality "1"]

1. d4 Nf6 2. c4 e6 3. Nc3 Bb4 4. a3 Bxc3+ 5. bxc3 b6 6. f3 Nc6 7. e4 Na5 8. Bd3 d6 9. f4 Bb7 10. Qe2 Nb3 11. Rb1 Nxc1 12. Rxc1 e5 13. Nf3 ({RR} 13. fxe5 dxe5 14. Nf3 Nd7 15. O-O O-O 16. c5 bxc5 17. d5 Qe7 18. c4 Rab8 19. Qd2 Ba6 20. Qc3 Rb6 21. Bc2 Rf6 22. Rb1 c6 23. Rfe1 cxd5 24. exd5 Rf4 25. Nxe5 Qf6 26. Qh3 g6 27. Nxd7 Qd4+ {Lazavik,D (2577)-Vokhidov,S (2641) chess.com INT 2025 1-0 (58)}) 13... exf4 14. O-O O-O 15. Nd2 g6 $146 ({RR} 15... Qe7 16. Rxf4 Rae8 17. Rcf1 Nd7 18. Qh5 g6 19. Qh6 f6 20. Kh1 Qg7 21. Qh3 Re7 22. Be2 f5 23. Bd3 fxe4 24. Be2 Rxf4 25. Rxf4 c5 26. Qe3 Qh6 27. Bg4 Nf6 28. g3 Nxg4 29. Qe2 e3+ 30. Nf3 {Agibileg,U (2441)-Vokhidov,S (2578) chess.com INT 2023 0-1 (33)}) 16. Rxf4 Nh5 17. Rf2 Qg5 18. Rcf1 Rae8 19. Nf3 Qg4 20. Nd2 Qxe2 21. Rxe2 Bc8 22. Ref2 Re7 23. Nf3 Nf6 24. e5 dxe5 25. Nxe5 Ng4 26. Nxg4 Bxg4 27. h3 Bd7 28. Re2 Rxe2 29. Bxe2 Re8 30. Kf2 Bc6 31. d5 Bd7 32. Rb1 Bf5 33. Rb2 Be4 34. a4 Kf8 35. Bf3 Bxf3 36. Kxf3 Re1 37. c5 Rc1 38. Rb3 bxc5 39. Rb7 Rxc3+ 40. Ke4 Ke7 41. Rxc7+ Kd6 42. Rc6+ Kd7 43. Ra6 f5+ 44. Kf4 Rc2 45. g4 Rc4+ 46. Kf3 Rc3+ 47. Kf4 Rc4+ 48. Kf3 Rc3+ 49. Kf4 Rxh3 50. gxf5 gxf5 51. Kxf5 h5 52. Ke4 Kc7 53. Rxa7+ Kb6 54. Ra8 c4 55. Rc8 Kb7 56. Rc5 Rg3 57. d6 h4 58. a5 h3 59. Rc7+ Ka6 60. Rh7 Rd3 61. Rh6 Kxa5 0-1

[Event "45th Olympiad 2024"]
[Site "Budapest HUN"]
[Date "2024.09.21"]
[Round "10.3"]
[White "Wei Yi"]
[Black "Yakubboev, Nodirbek"]
[Result "1-0"]
[WhiteElo "2762"]
[BlackElo "2666"]
[PlyCount "119"]
[EventDate "2024.09.11"]
[WhiteTeam "China"]
[BlackTeam "Uzbekistan"]
[WhiteTeamCountry "CHN"]
[BlackTeamCountry "UZB"]

1. d4 Nf6 2. c4 e6 3. Nc3 Bb4 4. e3 O-O 5. Nge2 Re8 6. a3 Bf8 7. e4 d5 8. e5 Nfd7 9. h4 c5 10. Bg5 f6 11. exf6 gxf6 12. Bd2 Nc6 13. dxc5 Nxc5 14. Be3 dxc4 15. Nf4 Ne5 16. Rh3 b6 $146 ({RR} 16... Qxd1+ 17. Rxd1 Ncd3+ 18. Nxd3 Nxd3+ 19. Bxd3 cxd3 20. Nb5 Re7 21. Rg3+ Kh8 22. Bc5 Rf7 23. Bxf8 Rxf8 24. Rdxd3 b6 25. Rc3 e5 26. Nd6 Be6 27. Rc7 Rg8 28. Re7 Rxg3 29. fxg3 Bd5 30. Ne8 Bf7 31. Nxf6 {Kiolbasa,O (2351)-Siekanska,M (2149) Walbrzych POL 2024 1-0 (46)}) 17. Rg3+ Kh8 18. Qh5 Ba6 19. Rd1 Qc7 20. b4 Ncd3+ 21. Bxd3 cxd3 22. Ne4 Bg7 23. Kf1 Qd7 24. Kg1 Rad8 25. Bc1 Qd4 26. Rxg7 Kxg7 27. Nxf6 Kxf6 28. Qxh7 Nf3+ 29. gxf3 Rg8+ 30. Kh1 e5 31. Qh6+ Ke7 32. Qe6+ Kf8 33. Re1 Bb7 34. Qf6+ Ke8 35. Rxe5+ Kd7 36. Qf5+ Kd6 37. Qf6+ Kd7 38. Rd5+ Qxd5 39. Nxd5 Bxd5 40. Qf5+ Kc6 41. Qxd3 Rgf8 42. Kh2 Rxf3 43. b5+ Kb7 44. Qd4 Rd7 45. Be3 Be6 46. Qe5 Bd5 47. h5 Rf8 48. h6 Bf3 49. Kg3 Ka8 50. Bg5 Bb7 51. f4 Rdf7 52. Kh4 a5 53. Kh5 Bc8 54. Qd6 Ka7 55. Bd8 Rf5+ 56. Kg6 R5f7 57. Qxb6+ Ka8 58. Bc7 Bf5+ 59. Kh5 Rf6 60. Bd6 1-0